Paquistão - Statistics

Estatísticas Gerais
  • Esse quiz foi jogado 7 vezes
  • A pontuação média é 4 de 14
Estatísticas das Respostas
Hint Resposta % Correto
Onde fica? Ásia
100%
Qual é a sua religião? Islamismo
83%
De que país é independente? Reino Unido
83%
Qual é a sua capital? Islamabade
50%
Qual é o seu código ISO? PAK
33%
Qual é a sua cidade mais populosa? Carachi
17%
Qual é o desporto mais popular? Críquete
17%
Como se chama a sua dança típica? Bhangra
0%
Qual é a bebida mais consumida no país? Chá
0%
Qual ativista paquistanesa recebeu o prémio Nobel da paz em 2014? Malala Yousafzai
0%
Qual é o seu ponto mais alto? Nanga Parbat
0%
Qual é a sua moeda? Rúpia paquistanesa
0%
Como se chama o seu traje? Shalwar qamiz
0%
Qual é o seu idioma? Urdu
0%
Nenhum quiz correspondente encontrado
Distribuição das Pontuações
Porcentagem de Pessoas com Cada Pontuação
Percentil de Números Respondidos
Sua Pontuação Histórica
Você não jogou esse quiz